Top 100 chinese immemorial towns
| Format: | Book |
|---|---|
| Published: |
Beijing :
[s.n.] ,
2008
|
MARC
| LEADER | 00000cam a2200000 7i4500 | ||
|---|---|---|---|
| 001 | 0000042958 | ||
| 005 | 20141031.0 | ||
| 008 | 141031 | ||
| 020 | |a 7509401170 | ||
| 090 | 0 | 0 | |a 915.104 |b ZHO |
| 245 | 0 | 0 | |a Top 100 chinese immemorial towns |
| 260 | |a Beijing : |b [s.n.] , |c 2008 | ||
| 999 | |a 0001262277 |b Book |c Chinese Collection |e Cawangan AEON Kulaijaya | ||